National educational technology standards for administrators
Сохранить в:
| Соавтор: | |
|---|---|
| Формат: | Электронный ресурс eКнига |
| Язык: | английский |
| Опубликовано: |
Washington, DC :
International Society for Technology Education,
c2009.
|
| Предметы: | |
| Online-ссылка: | Available in Education Source. |
| Метки: |
Добавить метку
Нет меток, Требуется 1-ая метка записи!
|
MARC
| LEADER | 00000cam a22000002a 4500 | ||
|---|---|---|---|
| 001 | ebs51718088e | ||
| 003 | EBZ | ||
| 006 | m d |||||| | ||
| 007 | cr|unu|||||||| | ||
| 008 | 091106s2009 dcu o 000 0 eng d | ||
| 020 | 0 | |z 9781564842572 | |
| 020 | 0 | |a 9781564844224 (online) | |
| 035 | |a (EBZ)ebs51718088e | ||
| 040 | |a BTCTA |d EBZ | ||
| 042 | |a lccopycat | ||
| 050 | 0 | 0 | |a LB3060.83 |b .I57 2009 |
| 110 | 2 | |a International Society for Technology in Education. | |
| 240 | 1 | 0 | |a National educational technology standards for administrators (Online) |
| 245 | 0 | 0 | |a National educational technology standards for administrators |h [electronic resource] / |c International Society for Technology Education. |
| 246 | 3 | |a NETS for administrators | |
| 246 | 3 | |a NETS-A | |
| 260 | |a Washington, DC : |b International Society for Technology Education, |c c2009. | ||
| 500 | |a Title from cover. | ||
| 650 | 0 | |a Teaching |x Standards |z United States |v Handbooks, manuals, etc. | |
| 650 | 0 | |a Education |x Standards |z United States. | |
| 650 | 0 | |a Educational technology |x Standards |z United States. | |
| 650 | 0 | |a Computer literacy |x Standards |z United States. | |
| 773 | 0 | |t Education Source |d EBSCO | |
| 776 | 1 | |t National educational technology standards for administrators / |w (OCoLC)ocn276817963 |w (DLC)2009517383 | |
| 856 | 4 | 0 | |3 Full text available: Jan 2004. |z Available in Education Source. |u https://researchs.unach.elogim.com/direct.asp?db=eue&jid=3GPX&scope=site |
| 901 | |a Book | ||